1475 1554 1994 1188 1809 1640 1290 1079 1873 1754 1344 1831 1864 1127 1478 1910 1223 1707 1136 1514 1603 1206 1932 1429 1735 1312 1437 1208 1153 1390 1217 1584 1763 1657 1186 1844 1323 1681 1335 1058 1292 1147 1514 1031 1691 1298 1722 1348 1173 1383 1175 1147 1276 1754 1938 1681 1183 1961 1184 1363 1413 1784 1544 1619 1137 1075 1228 1812 1051 1115 1378 1220 1625 1257 1171 1684 1282 1719 1599 1543 1339 1049 1842 1071 1426 1883 1983 1365 1282 1415 1243 1038 1566 1351 1094 1901 1513 1000 1811 BCNSPRNW ULIB Ver.6.0+V

เปลี่ยนเป็นภาษาไทย

Change to English
 แสดงรายละเอียดบรรณานุกรม
  กลับหน้าหลัก

Brief Record : Get Marc (ISO 2709) : E-mail record : QR code < ปิดหน้าต่าง
LEADER : 00000nam 2200000uu 4500
001    13399109080
003     ULIB
008    110321s2552||||th 000 0 tha d
020    9786167183497
060 04 WH170^bอ419ธ 2552
100 0  อรุณี เจตศรีสุภาพ
245 10 ธาลัสซีเมียแบบองค์รวม /^cอรุณี เจตศรีสุภาพ
250    พิมพ์ครั้งที่ 1
260    ขอนแก่น :^bคณะแพทยศาสตร์ มหาวิทยาลัยขอนแก่น,^c2552
300    [10], 400 หน้า :^bภาพประกอบ ;^c27 ซม.
500    ได้รับทุนสนับสนุนการผลิตตำรา มหาวิทยาลัยขอนแก่น พ.ศ. 2550
650  7 ธาลัสซีเมีย^xการวินิจฉัย
650  7 ธาลัสซีเมีย^xการป้องกันและการควบคุม
650  7 การวินิจฉัยทางห้องปฏิบัติการ
650  7 ธาลัสซีเมีย
710 2  มหาวิทยาลัยขอนแก่น. ^bคณะแพทยศาสตร์
945    ^p380^l0^i028117
995    ทศพร
999 ^a ใช้งานได้ทุกระบบ
รายการนี้ยังไม่มีแท็ก
คุณยังไม่ได้ล็อกอิน คุณสามารถมีกิจกรรมร่วมกับเว็บไซต์ได้ แต่ต้องล็อกอินก่อน ::
  ล็อกอิน

รายการสื่อสารสนเทศ

ลำดับที่ ประเภท เลขเรียก/บาร์โค้ด สถานที่ สถานะ
- ไม่พบข้อมูล -

รายการใกล้เคียง
    หัวเรื่อง [ธาลัสซีเมีย]

BibComment


ยังไม่เคยถูกคอมเมนท์

คอมเมนท์ทรัพยากรรายการนี้
  คอมเมนท์: ธาลัสซีเมียแบบองค..


 Copyright 2026. Bcnsprnw @Library